Statistics for Historical Events in July

Click here to take the quiz!

General Stats

  • This quiz has been taken 20 times
  • The average score is 7 of 10

Answer Stats

DateHintEvent% Correct
July 29, 1883______ _________, the famous Italian dictator is bornBenito Mussolini
100%
July 14, 1789The Battle of Bastille occurs starting the ______ __________French Revolution
94%
July 4, 1776The ___________ __ ___________ is approved by the Continental CongressDeclaration of Independence
78%
July 3, 1775______ __________ takes command of the Continental Army in the American RevolutionGeorge Washington
72%
July 16, 1969______ __ begins its lunar landing missionApollo 11
72%
July 20, 1954An agreement is signed in ______, Switzerland, stopping the French-Vietnam WarGeneva
72%
July 10, 1943An Allied attack on _____ beginsItaly
67%
July 7, 1898President _______ _______ annexes Hawaii into the United StatesWilliam Mckinley
56%
July 2, 1964Lyndon B. Johnson signs the _____ ______ Act of 1964 ending race discriminationCivil Rights
44%
July 10, 1973The _______ finally gets their independence from Britain after 250 yearsBahamas
39%

Score Distribution

Percentile by Number Answered

Percent of People with Each Score

Your Score History

You have not taken this quiz